A mezőgazdasági környezetvédelem és a madárvédelem kapcsolata Magyarországon

Elmentve itt :
Bibliográfiai részletek
Szerző: Vámosi Krisztián
További közreműködők: Baracs Gabriella (Témavezető)
Dokumentumtípus: Szakdolgozat
Megjelent: 1998
Kulcsszavak:Környezetvédelem
Mezőgazdaság
Madárvédelem
Magyarország
Tárgyszavak:
Online Access:http://diploma.bibl.u-szeged.hu/100211
LEADER 00842nta a2200253 i 4500
001 dipl100211
005 20220118090058.0
008 211221s1998 hu om 0|| hun d
040 |a SZTE Diploma Repozitórium  |b hun 
041 |a hun 
100 1 |a Vámosi Krisztián 
245 1 2 |a A mezőgazdasági környezetvédelem és a madárvédelem kapcsolata Magyarországon  |h [elektronikus dokumentum] /  |c Krisztián Vámosi 
260 |c 1998 
300 |a 46 
650 4 |a Agrár 
650 4 |a Agricultural sciences 
650 4 |a Agriculture, forestry and fisheries 
650 4 |a Forestry 
695 |a Környezetvédelem 
695 |a Mezőgazdaság 
695 |a Madárvédelem 
695 |a Magyarország 
700 1 |a Baracs Gabriella  |e ths 
856 4 0 |u http://diploma.bibl.u-szeged.hu/id/eprint/100211/1/1998_vamosi_krisztian.pdf  |z Dokumentum-elérés